| 000 | 00526nam a22001337a 4500 | ||
|---|---|---|---|
| 003 | OSt | ||
| 005 | 20241207144939.0 | ||
| 008 | 240916b ||||| |||| 00| 0 eng d | ||
| 040 | _c0 | ||
| 245 |
_aFinancial literacy : _bthe bible tells that we have to save 20% of our total income to cope with our needs until we reach the time when we cannot force ourselves to work anymore / |
||
| 260 |
_aPhilippines; _bPublishers Association of the Philippines, Inc., _cJanuary 2018. |
||
| 300 | _aVolume 66, pages 283. | ||
| 942 |
_2ddc _cPER |
||
| 999 |
_c21637 _d21637 |
||